000 00699nam a2200241Ia 4500
003 OSt
005 20220927105026.0
006 a|||||r|||| 00| 0
007 ta
008 220926b |||||||| |||| 00| 0 eng d
024 _a187688
037 _cReference Collections
040 _aRTL
_cRTL
_beng
041 _2eng
_aeng
082 _a"X99J451):8F>2.N46r, H6/GD"
110 _aKAMINI TEA COMPANY LTD.
_9369602
245 0 _aAnnual report & accounts 1946.
260 _aAssam
_bKTC
_c1947
300 _aVarious pages.
_ccm.
700 _aKAMINI TEA COMPANY LTD.
_9369603
942 _h"X99J451):8F>2.N46r, H6/GD"
_cCC
999 _c690312
_d690312